| 000 | 00949cab a2200217 4500 | ||
|---|---|---|---|
| 001 | ##L133663 | ||
| 008 | 060531n2006 000 0 eng u | ||
| 035 | _a(Sirsi) u133663 | ||
| 041 | 0 | _aeng | |
| 110 | 2 |
_aEC Harris _94930 |
|
| 245 | 0 | 0 |
_aEconomics survey _bUK |
| 260 | _c2006 | ||
| 490 | 0 |
_aEC Harris Economics Survey UK _vSummer 2006 |
|
| 520 | _aThe latest EC Harris Economics Survey anticipates growth in construction output of 1.5% in 2006, driven by the private commercial and infrastructure sectors. Tender prices are expected to rise by 3.5% over the same period. Contractors' input costs rose by 0.6% in the last three months, and by 2.7% in the year from May 2005. | ||
| 590 | _aIKA060606 NTK | ||
| 650 | 2 | 4 | _aEC HARRIS ECONOMICS SURVEY UK |
| 651 | 4 |
_aUnited Kingdom _y |
|
| 690 | _aBUILT ENVIRONMENT-CONSTRUCTION MARKET | ||
| 856 | 4 | 1 |
_uhttps://www.echarris.com/ _zView the item free of charge at www.echarris.com... |
| 942 | _n0 | ||
| 999 |
_c77141 _d77141 |
||